| 000 | 00906nam a2200241 a 4500 | ||
|---|---|---|---|
| 003 | MX-MxUPN | ||
| 005 | 20241011063745.0 | ||
| 008 | 190613s2006 mx r 000 0 spa d | ||
| 035 | _aUPN01000231262 | ||
| 040 |
_aMX-MxUPN _bspa _cMX-MxUPN |
||
| 041 | 0 | _aspa | |
| 050 | 1 | 4 |
_aLB2831.9 _bF54 2006 |
| 100 | 1 |
_aFierro Evans, María Cecilia _936924 |
|
| 245 | 1 | 0 | _aConflictos morales en el ejercicio de la función directiva del nivel básico |
| 260 |
_aMéxico, D.F., _c2006. |
||
| 300 | _a292 hojas | ||
| 502 | _aTesis (doctora en Ciencias en la Especialidad de Investigaciones Educativas) -- Centro de Investigación y de Estudios Avanzados del Instituto Politécnico Nacional, 2006. | ||
| 650 | 4 |
_aEscuelas _xDirección y organización _xAspectos morales y éticos _954008 |
|
| 650 | 4 |
_aDirectores de escuelas _92851 |
|
| 902 | _aVíctor Ruiz/101024 | ||
| 942 |
_2lcc _cLIBRO |
||
| 999 |
_c203357 _d203357 |
||